000 00645nam a2200217Ia 4500
008 101110s9999 xx 000 0 und d
041 _aENGLISH
082 _bSR32845
100 _aBhole K.G.,Shroff,Adarsh, Ranade A.J.
245 _aA new course in physics Vol.I SYBSC revised sylladus 2009
260 _c2009
_bSheth publishers pvt.ltd.Mumbai
300 _a226
365 _b125
520 _aPhysics
546 _aENGLISH
630 _aA new course in physics Vol.I SYBSC revised sylladus 2009
650 _aPhysics
655 _aPhysics
730 _aA new course in physics Vol.I SYBSC revised sylladus 2009
942 _cBOOK
999 _c825346
_d825343